LEADER 00892nam0-2200313---450 001 990009551690403321 005 20190417094404.0 010 $a978-81-7233-722-3 035 $a000955169 035 $aFED01000955169 035 $a(Aleph)000955169FED01 035 $a000955169 100 $a20120329d2011----km-y0itay50------ba 101 0 $aeng 102 $aIN 105 $aa-------001yy 200 1 $aAgrotechnology for dryland farming$feditor Arvind M. Dhopte 210 $aJodhpur$cScientific publishers$d2011 215 $aXXVIII, 651 p.$cill.$d25 cm 610 0 $aZone aride$aAgrotecnologia 676 $a630.3$v20$zita 702 1$aDhopte,$bArvind M. 801 0$aIT$bUNINA$gRICA$2UNIMARC 901 $aBK 912 $a990009551690403321 952 $a60 630.3 DHOA 2011$b13788$fFAGBC 959 $aFAGBC 996 $aAgrotechnology for dryland farming$9854125 997 $aUNINA